| 000 | 01114cam a2200193 i 4500 | ||
|---|---|---|---|
| 082 | 0 | 0 |
_a627.83 _bWIL _cL-22, P-12 |
| 100 | 1 |
_aWilson, Stanley D. _944073 |
|
| 245 | 1 | 0 |
_aCurrent trends in design and construction of embankment dams / _cprepared for Committee on International Relations, International Commission on Large Dams (ICOLD) and Geotechnical Division, ASCE by Stanley D. Wilson and Raúl J. Marsal. |
| 260 |
_aNew York, N.Y. : _bAmerican Society of Civil Engineers, _cc1979. |
||
| 300 |
_a125 p. : _bill. ; _c21 cm. |
||
| 500 | _a"An updating of the state-of-the-art report of the design and construction of earth and rockfill dams which was presented at the VII International Conference on Soil Mechanics and Foundation Engineering (Wilson and Squire, 1969)." | ||
| 526 |
_a0 _b0 _c0 _d627_830000000000000_WIL |
||
| 526 |
_a0 _b0 _c0 _d627_830000000000000_WIL |
||
| 650 | 0 |
_aEarth dams _xDesign and construction _xCongresses. _944074 |
|
| 700 | 1 |
_aMarsal, Raúl J., _944075 |
|
| 710 | 2 |
_aAmerican Society of Civil Engineers. _9702 |
|
| 710 | 2 |
_aInternational Commission on Large Dams. _944076 |
|
| 942 |
_2ddc _cBK |
||
| 999 |
_c547904 _d547904 |
||